[Event "Montigny le Bretonneux Noel op 14th"]
[Site "Montigny le Bretonneux"]
[Date "2011.12.26"]
[Round "1.3"]
[White "Keraval Roignant, Claude"]
[Black "Gidel, Jean Louis"]
[Result "0-1"]
[WhiteElo "1673"]
[BlackElo "2147"]
[PlyCount "84"]
[EventDate "2011.12.26"]
[EventType "swiss"]
[EventRounds "7"]
[EventCountry "FRA"]
[SourceTitle "EXT 2014"]
[Source "ChessBase"]
[SourceDate "2013.11.20"]
[SourceVersion "1"]
[SourceVersionDate "2013.11.20"]
[SourceQuality "1"]

1. d4 d5 2. c4 e6 3. Nc3 f5 4. Nf3 c6 5. Bg5 Nf6 6. e3 Nbd7 7. cxd5 exd5 8. Bd3 h6 9. Bf4 Ne4 10. 0-0 Be7 11. Ne5 Nxe5 12. Bxe5 0-0 13. f3 Nxc3 14. bxc3 Be6 15. Qb3 Qd7 16. Rab1 b6 17. f4 a5 18. Qc2 a4 19. Rf3 Rf7 20. Qf2 Bf6 21. Bxf6 Rxf6 22. Qb2 Qe7 23. a3 Bf7 24. Qb4 Qd7 25. Qb2 Re8 26. Re1 Bh5 27. Rg3 Kh8 28. Be2 Bxe2 29. Qxe2 Re4 30. Qd2 Qe7 31. Qc1 Rfe6 32. Kf1 Kg8 33. Rf3 Kf7 34. Rg3 Ke8 35. Rf3 Kd7 36. Rg3 g5 37. fxg5 hxg5 38. Qd1 g4 39. Qc1 Qh4 40. Kg1 f4 41. Rxg4 Qxg4 42. h3 Qg3 0-1

[Event "Montigny le Bretonneux Noel op 13th"]
[Site "Montigny le Bretonneux"]
[Date "2010.12.30"]
[Round "6"]
[White "Keraval Roignant, Claude"]
[Black "Mutzel, Joseph"]
[Result "1-0"]
[WhiteElo "1641"]
[BlackElo "1499"]
[PlyCount "55"]
[EventDate "2010.12.26"]
[EventType "swiss"]
[EventRounds "7"]
[EventCountry "FRA"]
[SourceTitle "CBM 140 Extra"]
[Source "ChessBase"]
[SourceDate "2011.03.01"]
[SourceVersion "1"]
[SourceVersionDate "2011.03.01"]
[SourceQuality "1"]

1. d4 f5 2. c4 g6 3. Bg5 Bh6 4. Bxh6 Nxh6 5. e3 0-0 6. Bd3 d6 7. Nf3 e6 8. h4 Nd7 9. Nc3 a6 10. Ng5 Qe7 11. Qc2 d5 12. cxd5 exd5 13. Nxd5 Qd8 14. Qb3 Kh8 15. Ne6 Qe8 16. Ndxc7 Qe7 17. Nxf8 Nxf8 18. Nxa8 Ng4 19. Rg1 b5 20. Be2 Qxh4 21. Bxg4 Qxg4 22. Qf7 Nd7 23. Rd1 Bb7 24. Qe8+ Kg7 25. Qxd7+ Kh6 26. Qxb7 f4 27. Qf3 Qxf3 28. gxf3 1-0

[Event "Montigny le Bretonneux-C 9th"]
[Site "Montigny le Bretonneux"]
[Date "2010.10.28"]
[Round "6"]
[White "Kambrath, Linda"]
[Black "Keraval Roignant, Claude"]
[Result "1/2-1/2"]
[WhiteElo "1652"]
[BlackElo "1641"]
[PlyCount "42"]
[EventDate "2010.10.23"]
[EventType "swiss"]
[EventRounds "9"]
[EventCountry "FRA"]
[SourceTitle "EXT 2011"]
[Source "ChessBase"]
[SourceDate "2010.11.26"]
[SourceVersion "1"]
[SourceVersionDate "2010.11.26"]
[SourceQuality "1"]

1. d4 d5 2. Nf3 Nf6 3. e3 e6 4. c4 c6 5. b3 Nbd7 6. Bd3 a6 7. 0-0 dxc4 8. bxc4 c5 9. Ba3 Be7 10. Qa4 0-0 11. Nbd2 b6 12. Rab1 Bb7 13. Qb3 Rb8 14. Qc2 h6 15. Rb3 Re8 16. Rfb1 cxd4 17. exd4 Bxa3 18. Rxa3 Qe7 19. Rab3 Bxf3 20. Nxf3 Rec8 21. Qe2 Qd8 1/2-1/2

[Event "Montigny le Bretonneux-C 9th"]
[Site "Montigny le Bretonneux"]
[Date "2010.10.27"]
[Round "5"]
[White "Keraval Roignant, Claude"]
[Black "Audigier, Robert"]
[Result "1-0"]
[WhiteElo "1641"]
[BlackElo "1250"]
[PlyCount "85"]
[EventDate "2010.10.23"]
[EventType "swiss"]
[EventRounds "9"]
[EventCountry "FRA"]
[SourceTitle "EXT 2011"]
[Source "ChessBase"]
[SourceDate "2010.11.26"]
[SourceVersion "1"]
[SourceVersionDate "2010.11.26"]
[SourceQuality "1"]

1. Nf3 Nf6 2. d4 d6 3. Bf4 Nbd7 4. c4 c5 5. d5 Nb6 6. Qc2 e6 7. e4 Be7 8. Bd3 Nbd7 9. 0-0 e5 10. Bd2 0-0 11. b4 b6 12. a4 Rb8 13. b5 a5 14. bxa6 Bxa6 15. Nc3 Re8 16. Nb5 Rb7 17. Rfb1 Nh5 18. a5 Nf4 19. axb6 Rxb6 20. Ba5 Bxb5 21. Bxb6 Nxb6 22. Rxb5 Qc7 23. Rab1 Rb8 24. Nd2 Bd8 25. Nb3 Qe7 26. Na5 Qg5 27. Bf1 Ra8 28. Nc6 Bc7 29. Rxb6 Bxb6 30. Rxb6 g6 31. Rb8+ Rxb8 32. Nxb8 Qd8 33. Nc6 Qa8 34. Qb1 Kg7 35. g3 Nh5 36. Qb8 Qa1 37. Qxd6 Kh6 38. Qxe5 Qc1 39. d6 f6 40. Qxc5 Ng7 41. Qe3+ Qxe3 42. fxe3 Ne6 43. d7 1-0

[Event "Montigny le Bretonneux-C 9th"]
[Site "Montigny le Bretonneux"]
[Date "2010.10.26"]
[Round "4"]
[White "Rivollier, Frederic"]
[Black "Keraval Roignant, Claude"]
[Result "0-1"]
[WhiteElo "1570"]
[BlackElo "1641"]
[PlyCount "104"]
[EventDate "2010.10.23"]
[EventType "swiss"]
[EventRounds "9"]
[EventCountry "FRA"]
[SourceTitle "EXT 2011"]
[Source "ChessBase"]
[SourceDate "2010.11.26"]
[SourceVersion "1"]
[SourceVersionDate "2010.11.26"]
[SourceQuality "1"]

1. e4 c5 2. Nf3 e6 3. d4 cxd4 4. Nxd4 d6 5. Be2 Nf6 6. Nc3 a6 7. 0-0 Be7 8. f3 0-0 9. Be3 Nc6 10. a3 Nxd4 11. Qxd4 e5 12. Qd1 b5 13. Nd5 Nxd5 14. Qxd5 Be6 15. Qd2 Rc8 16. Rac1 d5 17. exd5 Bxd5 18. Bd3 f5 19. Be2 f4 20. Bf2 Bc4 21. Bxc4+ Rxc4 22. Qe2 Bf6 23. Rfd1 Qc7 24. c3 Re8 25. Qf1 e4 26. fxe4 Rcxe4 27. Re1 Qc6 28. Rxe4 Rxe4 29. Re1 h6 30. Rxe4 Qxe4 31. Qe1 Qxe1+ 32. Bxe1 Kf7 33. Kf2 Bh4+ 34. g3 fxg3+ 35. hxg3 Bf6 36. b3 Ke6 37. Kf3 Kd5 38. Bd2 Be7 39. Bc1 a5 40. Bb2 Bf6 41. Kf4 Kc5 42. g4 a4 43. Ke4 axb3 44. Kd3 Bg5 45. a4 bxa4 46. c4 Bf6 47. Bxf6 gxf6 48. Kc3 b2 49. Kxb2 Kxc4 50. Ka3 Kd4 51. Kxa4 Ke4 52. Kb4 Kf4 0-1

[Event "Montigny le Bretonneux-C 9th"]
[Site "Montigny le Bretonneux"]
[Date "2010.10.23"]
[Round "1"]
[White "Guillet, Jacques"]
[Black "Keraval Roignant, Claude"]
[Result "0-1"]
[WhiteElo "1568"]
[BlackElo "1641"]
[PlyCount "54"]
[EventDate "2010.10.23"]
[EventType "swiss"]
[EventRounds "9"]
[EventCountry "FRA"]
[SourceTitle "EXT 2011"]
[Source "ChessBase"]
[SourceDate "2010.11.26"]
[SourceVersion "1"]
[SourceVersionDate "2010.11.26"]
[SourceQuality "1"]

1. e4 c5 2. c3 e6 3. d4 cxd4 4. cxd4 d6 5. Nc3 Nf6 6. f4 g6 7. Nf3 Bg7 8. Bb5+ Bd7 9. 0-0 Bxb5 10. Nxb5 0-0 11. Nc3 Nc6 12. e5 Ne8 13. Kh1 Qb6 14. Rb1 a6 15. Be3 d5 16. Na4 Qd8 17. Rc1 Rc8 18. a3 Nc7 19. Nc5 Rb8 20. Rf2 Na8 21. Nxa6 bxa6 22. Rxc6 Nb6 23. Rfc2 Nc4 24. Bc1 Qa5 25. Nd2 Ne3 26. Nb3 Rxb3 27. Bxe3 Rxe3 0-1

[Event "Paris-ch op-B"]
[Site "Paris"]
[Date "2009.07.04"]
[Round "1"]
[White "Guilchard, Benjamin"]
[Black "Keraval Roignant, Claude"]
[Result "1-0"]
[WhiteElo "1839"]
[BlackElo "1631"]
[PlyCount "41"]
[EventDate "2009.07.04"]
[EventType "swiss"]
[EventRounds "9"]
[EventCountry "FRA"]
[SourceTitle "EXT 2010"]
[Source "ChessBase"]
[SourceDate "2010.11.25"]
[SourceVersion "1"]
[SourceVersionDate "2010.11.25"]
[SourceQuality "1"]

1. e4 e6 2. d4 d5 3. Nc3 Bb4 4. e5 c5 5. a3 Bxc3+ 6. bxc3 cxd4 7. cxd4 Nc6 8. Qg4 Kf8 9. Bd3 Nge7 10. Ne2 Bd7 11. h4 h5 12. Qf3 Qa5+ 13. Bd2 Qb6 14. Be3 Qa5+ 15. c3 Rc8 16. 0-0 Qc7 17. Nf4 Na5 18. Bg6 Qxc3 19. Bxf7 Nf5 20. Bxe6 Bxe6 21. Nxe6+ 1-0

[Event "Montigny le Bretonneux-C final 7th"]
[Site "Montigny le Bretonneux"]
[Date "2008.11.02"]
[Round "2"]
[White "Keraval Roignant, Claude"]
[Black "Guillet, Jacques"]
[Result "1-0"]
[WhiteElo "1608"]
[BlackElo "1614"]
[PlyCount "87"]
[EventDate "2008.11.01"]
[EventType "tourn"]
[EventRounds "2"]
[EventCountry "FRA"]
[SourceTitle "EXT 2010"]
[Source "ChessBase"]
[SourceDate "2010.11.25"]
[SourceVersion "1"]
[SourceVersionDate "2010.11.25"]
[SourceQuality "1"]

1. d4 Nf6 2. c4 g6 3. Nc3 d5 4. Nf3 Bg7 5. e3 0-0 6. h3 c5 7. Bd3 cxd4 8. exd4 Nc6 9. 0-0 Nb4 10. cxd5 Nxd3 11. Qxd3 Nxd5 12. Nxd5 Qxd5 13. Bf4 Bd7 14. Rfe1 Rae8 15. Qe3 Bc6 16. Bh6 f6 17. Bxg7 Kxg7 18. a3 e5 19. dxe5 Rxe5 20. Qxa7 Rfe8 21. Rxe5 Rxe5 22. Qd4 Rg5 23. Qxd5 Rxd5 24. Kf1 Rd3 25. Ne1 Rd2 26. b4 Bb5+ 27. Kg1 Bc4 28. Nf3 Rb2 29. Nd4 Kf7 30. Rc1 b5 31. Re1 Ra2 32. Re3 Ra1+ 33. Kh2 Rf1 34. Kg3 Rg1 35. Nf3 Rd1 36. Re1 Rxe1 37. Nxe1 Ke6 38. Kf4 Kd5 39. Ke3 g5 40. g3 h5 41. h4 g4 42. f3 f5 43. fxg4 fxg4 44. Nd3 1-0

[Event "Montigny le Bretonneux-C 7th"]
[Site "Montigny le Bretonneux"]
[Date "2008.10.30"]
[Round "6"]
[White "Dubost, Florian"]
[Black "Keraval Roignant, Claude"]
[Result "1-0"]
[WhiteElo "1650"]
[BlackElo "1617"]
[PlyCount "123"]
[EventDate "2008.10.25"]
[EventType "tourn"]
[EventRounds "7"]
[EventCountry "FRA"]
[SourceTitle "EXT 2010"]
[Source "ChessBase"]
[SourceDate "2010.11.25"]
[SourceVersion "1"]
[SourceVersionDate "2010.11.25"]
[SourceQuality "1"]

1. e4 c5 2. Nf3 d6 3. c3 e6 4. d4 cxd4 5. cxd4 Nf6 6. Nc3 a6 7. Bg5 Be7 8. Bd3 Nc6 9. 0-0 0-0 10. a3 b5 11. b4 Bb7 12. Qc2 g6 13. Rac1 Rc8 14. Qb2 Ng4 15. Bxe7 Qxe7 16. Rfe1 Qf6 17. Ne2 e5 18. d5 Ne7 19. h3 Nh6 20. Qd2 Qg7 21. Rxc8 Rxc8 22. Rc1 f5 23. Rxc8+ Bxc8 24. Qc2 Nf7 25. Qc7 Qf8 26. Nd2 Qd8 27. Qxd8+ Nxd8 28. f3 Kf7 29. Nc3 f4 30. a4 bxa4 31. Nxa4 Bd7 32. Nb6 Bb5 33. Bxb5 axb5 34. Na8 Nc8 35. Nc7 Ke7 36. Nxb5 Kd7 37. Kf2 Nb6 38. Ke2 Nb7 39. Kd3 h5 40. h4 Na4 41. Nc4 Ke7 42. Kc2 Kf6 43. Nbxd6 Nxd6 44. Nxd6 Nb6 45. Kb3 g5 46. hxg5+ Kxg5 47. Nf5 Nxd5 48. exd5 Kxf5 49. b5 e4 50. fxe4+ Kxe4 51. b6 Ke3 52. b7 Kf2 53. b8Q Kg3 54. Qg8+ Kh4 55. Qg7 f3 56. gxf3 Kh3 57. Qg5 h4 58. Kc3 Kh2 59. Qxh4+ Kg2 60. Kd3 Kf1 61. Qh1+ Kf2 62. Qg2+ 1-0

[Event "Montigny le Bretonneux Noel op 10th"]
[Site "Montigny le Bretonneux"]
[Date "2007.11.01"]
[Round "6"]
[White "Keraval Roignant, Claude"]
[Black "Bot, Florian"]
[Result "1-0"]
[WhiteElo "1519"]
[BlackElo "1520"]
[PlyCount "65"]
[EventDate "2007.12.26"]
[EventType "swiss"]
[EventRounds "7"]
[EventCountry "FRA"]
[SourceTitle "EXT 2008"]
[Source "ChessBase"]
[SourceDate "2007.11.25"]
[SourceVersion "1"]
[SourceVersionDate "2007.11.25"]
[SourceQuality "1"]

1. e4 e5 2. Nf3 Nc6 3. Bb5 Nf6 4. 0-0 d6 5. h3 Nxe4 6. Bxc6+ bxc6 7. d4 d5 8. Nxe5 Qf6 9. Qf3 Qxf3 10. Nxf3 c5 11. Re1 cxd4 12. Nxd4 Bc5 13. Be3 Rb8 14. f3 Ng3 15. Bf2+ Be6 16. Nxe6 Bxf2+ 17. Kxf2 Ne4+ 18. fxe4 fxe6 19. b3 0-0+ 20. Kg1 d4 21. Nd2 c5 22. Nc4 Rbd8 23. Rf1 Rf6 24. Rxf6 gxf6 25. e5 f5 26. Rd1 Rd5 27. Rd3 Kf8 28. Kf2 h6 29. Kf3 Kg7 30. Kf4 Kg6 31. g4 Rd8 32. gxf5+ exf5 33. Rg3+ 1-0

[Event "Montigny le Bretonneux Noel op 10th"]
[Site "Montigny le Bretonneux"]
[Date "2007.10.27"]
[Round "1"]
[White "Puyo, Elisabeth"]
[Black "Keraval Roignant, Claude"]
[Result "0-1"]
[WhiteElo "1300"]
[BlackElo "1519"]
[PlyCount "104"]
[EventDate "2007.12.26"]
[EventType "swiss"]
[EventRounds "7"]
[EventCountry "FRA"]
[SourceTitle "EXT 2008"]
[Source "ChessBase"]
[SourceDate "2007.11.25"]
[SourceVersion "1"]
[SourceVersionDate "2007.11.25"]
[SourceQuality "1"]

1. e4 c5 2. Nf3 d6 3. c3 e6 4. Be2 Nf6 5. 0-0 Be7 6. d3 Nc6 7. d4 Nxe4 8. d5 exd5 9. Qxd5 Nf6 10. Qb3 Na5 11. Qa4+ Bd7 12. Bb5 0-0 13. Bxd7 Nxd7 14. Nbd2 Nc6 15. Ne4 Nf6 16. Nxf6+ Bxf6 17. Bf4 Ne5 18. Nxe5 dxe5 19. Be3 Qc7 20. Qg4 Rad8 21. Rad1 b6 22. Rxd8 Rxd8 23. Rd1 Rxd1+ 24. Qxd1 Qd8 25. Qxd8+ Bxd8 26. Kf1 Kf8 27. b3 Ke7 28. c4 Ke6 29. Ke2 f5 30. f3 Bf6 31. h3 f4 32. Bc1 h5 33. Kd3 Kf5 34. Bb2 g5 35. Ke2 Be7 36. Bc3 e4 37. Bb2 Bd6 38. fxe4+ Kxe4 39. Bg7 Be5 40. Bxe5 Kxe5 41. Kf3 Kf5 42. g4+ fxg3 43. Kxg3 Ke4 44. a3 a5 45. a4 g4 46. hxg4 hxg4 47. Kxg4 Kd4 48. Kf4 Kc3 49. Ke4 Kxb3 50. Kd5 Kxa4 51. Kc6 Kb4 52. Kxb6 a4 0-1

[Event "Montigny le Bretonneux Noel op 09th"]
[Site "Montigny le Bretonneux"]
[Date "2006.12.27"]
[Round "1"]
[White "Blot, David"]
[Black "Keraval Roignant, Claude"]
[Result "1-0"]
[WhiteElo "1997"]
[BlackElo "1680"]
[PlyCount "45"]
[EventDate "2006.12.27"]
[EventType "swiss"]
[EventRounds "7"]
[EventCountry "FRA"]
[SourceTitle "CBM 116 Extra"]
[Source "ChessBase"]
[SourceDate "2007.03.07"]
[SourceVersion "1"]
[SourceVersionDate "2007.03.07"]
[SourceQuality "1"]

1. e4 c5 2. c3 Nc6 3. d4 cxd4 4. cxd4 d5 5. exd5 Qxd5 6. Nf3 Bg4 7. Nc3 Qxd4 8. Qxd4 Nxd4 9. Nxd4 e5 10. Bb5+ Kd8 11. Nb3 Bb4 12. f3 Be6 13. Bg5+ f6 14. 0-0-0+ Ke7 15. Be3 a6 16. Bd3 Rc8 17. Kc2 Kf7 18. a3 Bxc3 19. bxc3 Bxb3+ 20. Kxb3 Ne7 21. Bc4+ Kg6 22. Rd7 Rc6 23. Bf7+ 1-0

[Event "Montigny le Bretonneux Noel op 09th"]
[Site "Montigny le Bretonneux"]
[Date "2006.12.27"]
[Round "4"]
[White "Keraval Roignant, Claude"]
[Black "Appavou, Calixte"]
[Result "0-1"]
[WhiteElo "1680"]
[BlackElo "1900"]
[PlyCount "36"]
[EventDate "2006.12.27"]
[EventType "swiss"]
[EventRounds "7"]
[EventCountry "FRA"]
[SourceTitle "CBM 116 Extra"]
[Source "ChessBase"]
[SourceDate "2007.03.07"]
[SourceVersion "1"]
[SourceVersionDate "2007.03.07"]
[SourceQuality "1"]

1. d4 d5 2. c4 c6 3. Nc3 Nf6 4. Nf3 Nbd7 5. e3 e6 6. Qc2 Bd6 7. Bd3 e5 8. e4 dxe4 9. Nxe4 Nxe4 10. Bxe4 exd4 11. Nxd4 Nf6 12. Nf3 Qe7 13. 0-0 Nxe4 14. Re1 f5 15. Ng5 0-0 16. f3 h6 17. Nh3 Qh4 18. fxe4 Qxe1# 0-1

[Event "Montigny le Bretonneux Noel op 09th"]
[Site "Montigny le Bretonneux"]
[Date "2006.12.27"]
[Round "7"]
[White "Keraval Roignant, Claude"]
[Black "Dominguez, Alain"]
[Result "0-1"]
[WhiteElo "1680"]
[BlackElo "1863"]
[PlyCount "110"]
[EventDate "2006.12.27"]
[EventType "swiss"]
[EventRounds "7"]
[EventCountry "FRA"]
[SourceTitle "CBM 116 Extra"]
[Source "ChessBase"]
[SourceDate "2007.03.07"]
[SourceVersion "1"]
[SourceVersionDate "2007.03.07"]
[SourceQuality "1"]

1. d4 f5 2. Nf3 Nf6 3. c3 e6 4. Bg5 Be7 5. Bxf6 Bxf6 6. e3 0-0 7. Bd3 b6 8. Nbd2 d5 9. Ne5 g5 10. f4 Bxe5 11. dxe5 c5 12. Qh5 g4 13. h3 g3 14. h4 d4 15. exd4 cxd4 16. Qg5+ Kh8 17. Qxd8 Rxd8 18. Rc1 dxc3 19. Rxc3 Na6 20. Rf1 Bb7 21. Bxa6 Bxa6 22. Rff3 Rd4 23. Rxg3 Rxf4 24. Nf3 Rd8 25. Kf2 Rd1 26. Rg5 Rc4 27. Ra3 Rc2+ 28. Kg3 Bf1 29. Kh3 a6 30. Rc3 Rxc3 31. bxc3 Bc4 32. Nd4 Bxa2 33. Nc6 a5 34. Ne7 Rd8 35. Rg3 Bc4 36. Nc6 Ra8 37. h5 a4 38. Re3 a3 39. Re1 a2 40. Ra1 Kg7 41. Nd4 Ra3 42. Kh4 Rxc3 43. Nb5 Rc2 44. g4 f4 45. Kg5 f3 46. Rd1 h6+ 47. Kf4 Bd5 48. Nd4 Rc4 49. Ke3 Rb4 50. Rc1 Rb1 51. Rc7+ Kf8 52. Rh7 a1Q 53. Rxh6 Re1+ 54. Kf2 Qxd4+ 55. Kxe1 Qe3+ 0-1

[Event "Montigny le Bretonneux Noel op 08th"]
[Site "Montigny le Bretonneux"]
[Date "2005.12.27"]
[Round "2"]
[White "Billoire, Clement"]
[Black "Keraval Roignant, Claude"]
[Result "1-0"]
[WhiteElo "2129"]
[BlackElo "1570"]
[PlyCount "75"]
[EventDate "2005.12.26"]
[EventType "swiss"]
[EventRounds "7"]
[EventCountry "FRA"]
[SourceTitle "CBM 110 Extra"]
[Source "ChessBase"]
[SourceDate "2006.03.10"]
[SourceVersion "2"]
[SourceVersionDate "2006.03.10"]
[SourceQuality "1"]

1. e4 e5 2. Nf3 Nc6 3. d4 exd4 4. Nxd4 Bc5 5. Be3 Bxd4 6. Bxd4 Nxd4 7. Qxd4 Qg5 8. Nc3 c6 9. h4 Qg4 10. Be2 Qg6 11. 0-0-0 Ne7 12. g4 0-0 13. f4 d5 14. h5 Qd6 15. exd5 Nxd5 16. Nxd5 cxd5 17. h6 gxh6 18. Rh5 Qb6 19. Rxd5 Qxd4 20. R1xd4 f5 21. gxf5 Bxf5 22. Kd2 Rae8 23. Bd3 Bxd3 24. Kxd3 b6 25. Re5 Rxe5 26. fxe5 Rf3+ 27. Ke4 Rf7 28. e6 Re7 29. Ke5 Kf8 30. Rf4+ Ke8 31. Kd6 Rg7 32. Rc4 Kd8 33. a4 h5 34. b3 Re7 35. Rc8+ Kxc8 36. Kxe7 h4 37. Kf7 h3 38. e7 1-0

[Event "Montigny le Bretonneux Noel op 07th"]
[Site "Montigny le Bretonneux"]
[Date "2004.12.31"]
[Round "7"]
[White "Reynaud, Gilles"]
[Black "Keraval Roignant, Claude"]
[Result "1-0"]
[WhiteElo "1440"]
[BlackElo "1490"]
[PlyCount "137"]
[EventDate "2004.12.??"]
[EventType "swiss"]
[EventRounds "7"]
[EventCountry "FRA"]
[SourceTitle "EXT 2006"]
[Source "ChessBase"]
[SourceDate "2005.11.24"]
[SourceVersion "1"]
[SourceVersionDate "2005.11.24"]
[SourceQuality "1"]

1. e4 c5 2. Nf3 d6 3. d4 cxd4 4. Nxd4 Nc6 5. c4 g6 6. Nc3 Bg7 7. Be3 e6 8. Ndb5 Bf8 9. Be2 a6 10. Nd4 Bg7 11. Qd2 Nge7 12. Nf3 Ne5 13. Nxe5 dxe5 14. Qxd8+ Kxd8 15. Rd1+ Ke8 16. Bb6 Bd7 17. 0-0 Nc6 18. a3 Nd4 19. b4 Nxe2+ 20. Nxe2 Bc6 21. f3 f5 22. Nc3 Kf7 23. a4 Bf8 24. c5 Be7 25. b5 axb5 26. axb5 Be8 27. Ra1 Rc8 28. Ra7 Bxc5+ 29. Bxc5 Rxc5 30. Rxb7+ Kf6 31. Rc1 Kg5 32. Kf2 Rc8 33. Ke2 h5 34. Kd2 Kh6 35. Kc2 Rh7 36. Rxh7+ Kxh7 37. Kb2 Rb8 38. Rb1 Bxb5 39. Kc2 Ba4+ 40. Nxa4 Rxb1 41. Kxb1 Kg7 42. Nc5 Kf6 43. Nd7+ Kg5 44. Kc2 Kf4 45. Kd3 h4 46. Nf8 fxe4+ 47. fxe4 g5 48. Nxe6+ Kg4 49. Ke3 Kh5 50. Kf3 g4+ 51. Kf2 Kg6 52. Nc5 Kg5 53. Ke3 Kf6 54. h3 gxh3 55. gxh3 Ke7 56. Kf3 Kd6 57. Nd3 Ke6 58. Kg4 Kf6 59. Kxh4 Kg6 60. Kg4 Kf6 61. h4 Kg6 62. Nxe5+ Kh6 63. Nf3 Kg6 64. e5 Kf7 65. Kf5 Kf8 66. Kf6 Ke8 67. h5 Kf8 68. h6 Ke8 69. h7 1-0

[Event "Montigny le Bretonneux Noel op 07th"]
[Site "Montigny le Bretonneux"]
[Date "2004.12.29"]
[Round "5"]
[White "Richet, Clement"]
[Black "Keraval Roignant, Claude"]
[Result "1-0"]
[WhiteElo "1900"]
[BlackElo "1490"]
[PlyCount "109"]
[EventDate "2004.12.??"]
[EventType "swiss"]
[EventRounds "7"]
[EventCountry "FRA"]
[SourceTitle "EXT 2006"]
[Source "ChessBase"]
[SourceDate "2005.11.24"]
[SourceVersion "1"]
[SourceVersionDate "2005.11.24"]
[SourceQuality "1"]

1. d4 d5 2. c4 c6 3. Nc3 Nf6 4. Nf3 e6 5. e3 dxc4 6. Bxc4 b5 7. Bd3 Bb7 8. 0-0 a6 9. e4 c5 10. e5 Nd5 11. Bg5 Be7 12. Bxe7 Qxe7 13. Ne4 0-0 14. Nxc5 Nc6 15. Nd2 f5 16. exf6 Nxf6 17. Ndb3 Rad8 18. Re1 Rd6 19. Ne4 Nxe4 20. Bxe4 Qf6 21. Qf3 Qxf3 22. Bxf3 Bc8 23. Rad1 Rfd8 24. Bxc6 Rxc6 25. Rc1 Rcd6 26. Na5 Rd5 27. Nc6 Re8 28. Kf1 Bb7 29. Na5 Ba8 30. Nb3 Rg5 31. f3 Kf7 32. Rc7+ Re7 33. Rxe7+ Kxe7 34. Nc5 Bd5 35. b3 a5 36. a3 h5 37. b4 a4 38. Kf2 Rf5 39. Ne4 Rf8 40. Nc3 Bc4 41. d5 Kd7 42. dxe6+ Bxe6 43. Nxb5 Rc8 44. Rd1+ Ke7 45. Ke3 Rc2 46. Rd2 Rc1 47. Nd4 Bc4 48. Rc2 Rxc2 49. Nxc2 Bb3 50. Nd4 g6 51. Nxb3 axb3 52. Kd3 b2 53. Kc2 b1Q+ 54. Kxb1 Kd6 55. b5 1-0

[Event "Montigny le Bretonneux Noel op 07th"]
[Site "Montigny le Bretonneux"]
[Date "2004.12.27"]
[Round "2"]
[White "Keraval Roignant, Claude"]
[Black "Pantic, David"]
[Result "0-1"]
[WhiteElo "1490"]
[BlackElo "1740"]
[PlyCount "116"]
[EventDate "2004.12.??"]
[EventType "swiss"]
[EventRounds "7"]
[EventCountry "FRA"]
[SourceTitle "EXT 2006"]
[Source "ChessBase"]
[SourceDate "2005.11.24"]
[SourceVersion "1"]
[SourceVersionDate "2005.11.24"]
[SourceQuality "1"]

1. e4 d6 2. d4 Nf6 3. Nc3 Nbd7 4. Nf3 e5 5. Bc4 Be7 6. 0-0 0-0 7. Re1 c6 8. dxe5 dxe5 9. a3 Qc7 10. Bg5 b5 11. Bd3 a5 12. b4 axb4 13. axb4 Rxa1 14. Qxa1 Bxb4 15. Bd2 Bc5 16. h3 Bb7 17. Ne2 Ra8 18. Qb2 Ba3 19. Qc3 b4 20. Qa1 c5 21. Nc1 c4 22. Bf1 c3 23. Bxc3 bxc3 24. Nd3 Bb2 25. Qd1 Ra1 26. Qe2 Rxe1 27. Qxe1 Nxe4 28. Qd1 f6 29. Nb4 Qd6 30. Bc4+ Kf8 31. Nd5 Bxd5 32. Qxd5 Qxd5 33. Bxd5 Nd2 34. Ne1 e4 35. Kh2 Nb6 36. Bc6 Ba3 37. g4 Bd6+ 38. Kh1 Nbc4 39. Bd5 Ne5 40. Ng2 Nef3 41. Bc6 g5 42. Ne3 Bc5 43. Kg2 Nh4+ 44. Kh1 Bxe3 45. fxe3 Nhf3 46. Ba4 Nf1 47. Kg2 Nxe3+ 48. Kf2 Nxc2 49. Bxc2 Nd4 50. Bxe4 c2 51. Bxc2 Nxc2 52. Ke2 Ke7 53. Kd3 Ke6 54. Kxc2 Ke5 55. Kd3 Kf4 56. Kd4 Kg3 57. Ke3 Kxh3 58. Kf3 Kh4 0-1

[Event "Montigny le Bretonneux 3rd"]
[Site "Montigny le Bretonneux"]
[Date "2004.11.01"]
[Round "9"]
[White "Keraval Roignant, Claude"]
[Black "Grandjean, Anthony"]
[Result "0-1"]
[WhiteElo "1490"]
[BlackElo "1460"]
[PlyCount "50"]
[EventDate "2004.10.??"]
[EventType "swiss"]
[EventRounds "9"]
[EventCountry "FRA"]
[SourceTitle "EXT 2006"]
[Source "ChessBase"]
[SourceDate "2005.11.24"]
[SourceVersion "1"]
[SourceVersionDate "2005.11.24"]
[SourceQuality "1"]

1. d4 d5 2. Nf3 Nf6 3. e3 c6 4. c4 Bf5 5. cxd5 cxd5 6. Nc3 e6 7. Bd3 Bxd3 8. Qxd3 Nbd7 9. 0-0 Be7 10. e4 dxe4 11. Nxe4 Nxe4 12. Qxe4 b6 13. Qg4 Bf6 14. Re1 Nf8 15. Bg5 Bxg5 16. Nxg5 h5 17. Qf4 Qf6 18. Qe4 Rd8 19. Qc6+ Rd7 20. Ne4 Qxd4 21. Qc8+ Rd8 22. Qc6+ Qd7 23. Qc2 Qd3 24. Qa4+ Qd7 25. Red1 Qxa4 0-1

[Event "Montigny le Bretonneux 3rd"]
[Site "Montigny le Bretonneux"]
[Date "2004.10.31"]
[Round "8"]
[White "Keraval Roignant, Claude"]
[Black "Audigier, Robert"]
[Result "1-0"]
[WhiteElo "1490"]
[BlackElo "1130"]
[PlyCount "39"]
[EventDate "2004.10.??"]
[EventType "swiss"]
[EventRounds "9"]
[EventCountry "FRA"]
[SourceTitle "EXT 2006"]
[Source "ChessBase"]
[SourceDate "2005.11.24"]
[SourceVersion "1"]
[SourceVersionDate "2005.11.24"]
[SourceQuality "1"]

1. e4 e5 2. Nf3 Nc6 3. d4 f6 4. dxe5 Qe7 5. Nc3 fxe5 6. Nd5 Qd6 7. Bg5 Nb4 8. Nc3 Nf6 9. Bd3 a6 10. 0-0 b5 11. a3 Nc6 12. Qe2 Nd4 13. Nxd4 Qxd4 14. Rad1 Qb6 15. Nd5 Nxd5 16. exd5 Bd6 17. Qh5+ Kf8 18. Qf3+ Ke8 19. Rfe1 h6 20. Bg6# 1-0